000 00913nam a22001815i 4500
001 173821
003 ES-MaACL
005 20230906215344.0
008 100122s1875 sp |||| | spa d
100 1 _aMatoses, Manuel,
_d1844-1901
_9176405
245 1 5 _a¡Una prueba!
_b: juguete cómico en un acto y en prosa /
_coriginal de Manuel Matoses.
260 _aMadrid :
_b[s.n.],
_c1875 (
_fImp. de la Sociedad Tipográfica)
300 _a29 p. ;
_c17 cm.
500 _aEn port.: Estrenado con grande aplauso en el Teatro Martín la noche del 22 de enero de 1875.
594 _aPrecede al tít.: Administración Lírico-dramática.
852 _aES-MaACL
_jF-8617(9)
_z.- Enc. pasta española
_q.- Falto de la cub. original
_z.- Enc. en un vol. facticio formando parte de la col. facticia "Teatro español moderno", vol. 72
_z.- Dedicatoria autógrafa del autor a Floro Moro Godo
999 _c173821
_d173821